[Event "Tournament 14471 - Europe Echecs"]
[Site "Europe Echecs"]
[Date "2020.07.09"]
[Round "2"]
[Time "14:34:42"]
[PlyCount "84"]
[White "DavtianArmen"]
[Black "MoraisThomas"]
[WhiteElo "1413"]
[BlackElo "1710"]
[Mode "WEB"]
[Result "1-0"]

1. d4 Nf6 2. c4 c5 3. e3 cxd4 4. exd4 d5 5. cxd5 Nxd5 6. Nc3 Nc6 7. Nf3 Bg4 8.
Bb5 Bxf3 9. Qxf3 e6 10. Nxd5 Qxd5 11. Qxd5 exd5 12. Be3 Bb4+ 13. Ke2 O-O 14.
Bxc6 bxc6 15. Rac1 Rac8 16. a3 Bd6 17. b4 Rfe8 18. Rc2 f5 19. g3 g5 20. Kd3 f4
21. Bd2 Rf8 22. g4 Rf6 23. h4 h6 24. hxg5 hxg5 25. f3 Kg7 26. b5 Bf8 27. Rhc1
Bxa3 28. Ra1 Bd6 29. Rxa7+ Rf7 30. Rxf7+ Kxf7 31. Rxc6 Rxc6 32. bxc6 Bc7 33. Bb4
Ke6 34. Kc3 Bb6 35. Bc5 Bc7 36. Kb4 Kf7 37. Kb5 Ke6 38. Ka6 Kf7 39. Kb7 Ba5 40.
c7 Bxc7 41. Kxc7 Ke6 42. Kc6 {MoraisThomas a abandonné} 1-0

[Event "Tournament 14471 - Europe Echecs"]
[Site "Europe Echecs"]
[Date "2020.07.09"]
[Round "2"]
[Time "14:34:42"]
[PlyCount "173"]
[White "PernotMael"]
[Black "GuliyevTofig"]
[WhiteElo "1407"]
[BlackElo "1699"]
[Mode "WEB"]
[Result "0-1"]

1. e4 c5 2. d4 cxd4 3. c3 d6 4. cxd4 Nf6 5. Nc3 e6 6. Bb5+ Bd7 7. Bxd7+ Nbxd7 8.
Nf3 a6 9. Bf4 Be7 10. Qa4 O-O 11. O-O b5 12. Qb3 Rc8 13. Rac1 Nb6 14. d5 e5 15.
Be3 Nfd7 16. Bxb6 Nxb6 17. a4 Nxa4 18. Nxa4 bxa4 19. Qxa4 Qb6 20. Rxc8 Rxc8 21.
Qd7 Rc7 22. Qe8+ Bf8 23. h3 Qxb2 24. Qd8 Rc2 25. Qd7 h6 26. Nh4 Qb5 27. Qd8 Qb7
28. Nf5 Qc7 29. Qa8 Qc8 30. Qa7 Rc7 31. Qb6 Qb7 32. Rb1 Qxb6 33. Rxb6 Ra7 34.
Nxd6 Bxd6 35. Rxd6 a5 36. Rc6 a4 37. Rc1 a3 38. Rc8+ Kh7 39. Rc1 a2 40. Ra1 Kg6
41. Kf1 Kg5 42. Ke2 Kf4 43. d6 Kxe4 44. d7 Rxd7 45. Rxa2 Rb7 46. Ra4+ Kf5 47.
Kf3 Rb3+ 48. Ke2 g5 49. Ra7 f6 50. Rg7 h5 51. Rh7 h4 52. Rd7 Kf4 53. Rc7 Rb2+
54. Kf1 f5 55. Rc4+ e4 56. Rc5 Ra2 57. g3+ hxg3 58. fxg3+ Ke3 59. Rxf5 Ra1+ 60.
Kg2 Ke2 61. Rf2+ Kd3 62. h4 e3 63. Rf8 e2 64. Rd8+ Kc4 65. Rc8+ Kd5 66. Rd8+ Kc6
67. Re8 e1=Q 68. Rxe1 Rxe1 69. hxg5 Kd6 70. Kf3 Ke6 71. Kf4 Rf1+ 72. Kg4 Kf7 73.
Kh5 Kg7 74. Kg4 Kg6 75. Kh4 Rh1+ 76. Kg4 Rh5 77. Kf4 Rxg5 78. g4 Kf6 79. Kf3 Ke5
80. Kg3 Ke4 81. Kh4 Kf4 82. Kh3 Rxg4 83. Kh2 Rg3 84. Kh1 Kf3 85. Kh2 Kf2 86. Kh1
Rh3# {PernotMael est échec et mat} 0-1

[Event "Tournament 14471 - Europe Echecs"]
[Site "Europe Echecs"]
[Date "2020.07.09"]
[Round "2"]
[Time "14:34:42"]
[PlyCount "70"]
[White "LaouamriSamy"]
[Black "DecultotJacque"]
[WhiteElo "1669"]
[BlackElo "1404"]
[Mode "WEB"]
[Result "1-0"]

1. e4 c5 2. Nc3 Nc6 3. Bb5 a6 4. Bxc6 bxc6 5. d3 Rb8 6. Nf3 Nf6 7. Rb1 e6 8. Bf4
Rb7 9. Nd2 d5 10. O-O Be7 11. e5 Nd7 12. Qg4 g5 13. Bxg5 Bxg5 14. f4 Be7 15.
Rbe1 Rxb2 16. f5 Nf8 17. f6 Ng6 18. fxe7 Qxe7 19. Nce4 dxe4 20. Nc4 O-O 21. Nxb2
Bd7 22. Qxe4 Rb8 23. Nc4 Rb4 24. Qf3 Qg5 25. Qxf7+ Kh8 26. Qxd7 Nf4 27. Qe8+ Kg7
28. Rxf4 Qxf4 29. Rf1 Qd4+ 30. Kh1 Kh6 31. Qxe6+ Kg5 32. Qf5+ Kh6 33. Qf6+ Kh5
34. Rf5+ Kg4 35. Qg5# {DecultotJacque est échec et mat} 1-0

[Event "Tournament 14471 - Europe Echecs"]
[Site "Europe Echecs"]
[Date "2020.07.09"]
[Round "2"]
[Time "14:34:42"]
[PlyCount "55"]
[White "GhazaryanGurge"]
[Black "VilleneuveRobi"]
[WhiteElo "1403"]
[BlackElo "1662"]
[Mode "WEB"]
[Result "0-1"]

1. e4 e5 2. Nf3 Nc6 3. Bb5 Bc5 4. O-O Nd4 5. Nxd4 Bxd4 6. c3 Bb6 7. d4 c6 8. Bc4
d6 9. Be3 Nf6 10. f3 O-O 11. Nd2 Re8 12. Nb3 Bc7 13. Qe2 Bd7 14. Rad1 Qe7 15.
Bf2 Nh5 16. dxe5 Qxe5 17. Bd4 Qg5 18. Be3 Qg6 19. Nd4 d5 20. Bd3 Qf6 21. Qf2
Rad8 22. Qd2 c5 23. Bg5 Qd6 24. Bxd8 Qxh2+ 25. Kf2 Bg3+ 26. Ke2 Qxg2+ 27. Ke3
Bf4# {GhazaryanGurge est échec et mat} 0-1

[Event "Tournament 14471 - Europe Echecs"]
[Site "Europe Echecs"]
[Date "2020.07.09"]
[Round "2"]
[Time "14:34:42"]
[PlyCount "58"]
[White "BerezovskyFior"]
[Black "ToussaintFlore"]
[WhiteElo "1646"]
[BlackElo "1391"]
[Mode "WEB"]
[Result "1-0"]

1. e4 e5 2. Nf3 Nc6 3. Bc4 Nf6 4. d4 exd4 5. O-O Bc5 6. e5 d5 7. Bb5 Ne4 8.
Bxc6+ bxc6 9. Nxd4 Bxd4 10. Qxd4 O-O 11. Be3 Ba6 12. Rd1 Re8 13. Nc3 Nxc3 14.
Qxc3 Qd7 15. Bc5 Qe6 16. Re1 h6 17. Rad1 Kh8 18. f4 Qf5 19. Rf1 Bxf1 20. Rxf1 a5
21. Bd4 Re6 22. h3 h5 23. a4 Rg6 24. Kh1 Qe4 25. Qd2 Rb8 26. e6 Rxe6 27. f5 Ree8
28. Qh6+ Kg8 29. Qxg7# {ToussaintFlore est échec et mat} 1-0

[Event "Tournament 14471 - Europe Echecs"]
[Site "Europe Echecs"]
[Date "2020.07.09"]
[Round "2"]
[Time "14:34:42"]
[PlyCount "45"]
[White "LeclercqRobin"]
[Black "DruonThibault"]
[WhiteElo "1392"]
[BlackElo "1644"]
[Mode "WEB"]
[Result "0-1"]

1. d4 Nf6 2. c4 g6 3. Nc3 d5 4. Bg5 Ne4 5. Bf4 Nxc3 6. bxc3 Bg7 7. Nf3 c5 8. e3
O-O 9. cxd5 Qxd5 10. Be2 cxd4 11. cxd4 Nc6 12. O-O b6 13. Rc1 Bb7 14. Bc4 Qh5
15. Qa4 Rfd8 16. Ng5 e6 17. Nf3 Ne7 18. Be2 Qd5 19. Rc7 Nf5 20. Bc4 Qe4 21. Bg5
f6 22. Bf4 g5 {LeclercqRobin a perdu au temps} 0-1

[Event "Tournament 14471 - Europe Echecs"]
[Site "Europe Echecs"]
[Date "2020.07.09"]
[Round "2"]
[Time "14:34:42"]
[PlyCount "84"]
[White "MareauTimothe"]
[Black "LevyTheo"]
[WhiteElo "1642"]
[BlackElo "1375"]
[Mode "WEB"]
[Result "1-0"]

1. e4 e6 2. d4 d5 3. Be3 Nf6 4. Nd2 dxe4 5. f3 g6 6. fxe4 Bg7 7. Ngf3 O-O 8. c3
Nbd7 9. Bd3 b6 10. e5 Nd5 11. Qe2 Bb7 12. Ne4 Rc8 13. O-O c5 14. Nd6 Rc7 15. Ng5
Nxe3 16. Qxe3 Nb8 17. Qf4 Qe7 18. Rf2 Bh6 19. h4 Bd5 20. Raf1 Bxg5 21. hxg5 Bxa2
22. Qh4 Nc6 23. Rf3 Kg7 24. Qh6+ Kg8 25. Rh3 f5 26. gxf6 Qd7 27. Bxg6 Nd8 28.
Bxh7+ Qxh7 29. Qg5+ Kh8 30. Rxh7+ Rxh7 31. f7 Bd5 32. Qg8+ Rxg8 33. fxg8=Q+ Kxg8
34. c4 Bc6 35. dxc5 bxc5 36. Nc8 a6 37. Rf6 Rg7 38. Kf1 Rf7 39. Rxf7 Kxf7 40.
Nd6+ Kg6 41. Kf2 Nf7 42. Nc8 {LevyTheo a perdu au temps} 1-0

[Event "Tournament 14471 - Europe Echecs"]
[Site "Europe Echecs"]
[Date "2020.07.09"]
[Round "2"]
[Time "14:34:42"]
[PlyCount "92"]
[White "BerthouJules"]
[Black "ChaumetEtienne"]
[WhiteElo "1390"]
[BlackElo "1639"]
[Mode "WEB"]
[Result "1-0"]

1. b3 e5 2. Bb2 Nc6 3. e3 d5 4. Nf3 Bd6 5. c4 Nf6 6. cxd5 Nxd5 7. Bc4 Nf6 8. O-O
O-O 9. d4 e4 10. Ne5 Ng4 11. Nxg4 Qg5 12. Ne5 Qh6 13. g3 Bh3 14. Re1 Bb4 15. Bc3
Bxc3 16. Nxc3 Nxe5 17. dxe5 Rad8 18. Qc2 Qh5 19. Bf1 Bxf1 20. Rxf1 Qxe5 21. Nxe4
Qh5 22. f4 f5 23. Ng5 Rd6 24. Qc4+ Kh8 25. Qxc7 Rd2 26. Rf2 Rxf2 27. Kxf2 Qxh2+
28. Kf3 Qh5+ 29. Kg2 Qe2+ 30. Kh1 h6 31. Qe7 Rc8 32. Qxb7 Rf8 33. Ne6 Rg8 34.
Qg2 Qxe3 35. Qd5 Qxg3 36. Qg2 Qh4+ 37. Qh2 Qg4 38. Rg1 Qf3+ 39. Rg2 Qf1+ 40. Qg1
Qf3 41. Qd4 Qh3+ 42. Kg1 Qf3 43. Nxg7 Kh7 44. Nxf5 Qxf4 45. Rxg8 Kxg8 46. Qg7# {ChaumetEtienne est échec et mat} 1-0

[Event "Tournament 14471 - Europe Echecs"]
[Site "Europe Echecs"]
[Date "2020.07.09"]
[Round "2"]
[Time "14:34:42"]
[PlyCount "79"]
[White "CourjalJuliett"]
[Black "ChouvaevKominD"]
[WhiteElo "1388"]
[BlackElo "1637"]
[Mode "WEB"]
[Result "0-1"]

1. e4 e6 2. d4 d5 3. Be3 dxe4 4. f3 exf3 5. Nxf3 Nf6 6. Bd3 Be7 7. c3 b6 8. O-O
Bb7 9. Nbd2 O-O 10. Qe1 Nbd7 11. Qh4 g6 12. Ng5 Nh5 13. Be2 Bxg5 14. Bxg5 f6 15.
Bh6 Ng7 16. Bc4 Bd5 17. Bb5 Nf5 18. Qh3 Nxh6 19. Qxh6 a6 20. Bd3 f5 21. Rae1 Re8
22. Rf4 g5 23. Rff1 Qf6 24. Qh5 Qg6 25. Qh3 g4 26. Qh4 Qf6 27. Qg3 Rac8 28. h3
h5 29. Be2 Qh6 30. Nf3 Bxf3 31. gxf3 Qg7 32. fxg4 Nf6 33. Kh2 Ne4 34. Qf4 hxg4
35. hxg4 Qh7+ 36. Kg2 Rf8 37. Rh1 Qg7 38. Kf1 Rf7 39. Bf3 fxg4 {CourjalJuliett a perdu au temps} 0-1

[Event "Tournament 14471 - Europe Echecs"]
[Site "Europe Echecs"]
[Date "2020.07.09"]
[Round "2"]
[Time "14:34:42"]
[PlyCount "99"]
[White "ThibousLeo"]
[Black "DelGiovaneFabi"]
[WhiteElo "1380"]
[BlackElo "1629"]
[Mode "WEB"]
[Result "1/2-1/2"]

1. Nf3 Nf6 2. c4 c5 3. b3 g6 4. Bb2 Bg7 5. e3 O-O 6. Be2 b6 7. O-O Bb7 8. d4
cxd4 9. Nxd4 Nc6 10. Nd2 Nxd4 11. Bxd4 d6 12. Bf3 Qc7 13. Bxb7 Qxb7 14. Nf3 Rac8
15. Rc1 Rfd8 16. Qe2 Rd7 17. Rfd1 Rdc7 18. Rc2 b5 19. Rdc1 bxc4 20. Rxc4 Qa6 21.
Rxc7 Qxe2 22. Rxc8+ Bf8 23. R8c2 Qa6 24. Bxf6 exf6 25. Nd4 h5 26. a4 Qa5 27. g3
Bg7 28. Nc6 Qb6 29. b4 h4 30. b5 f5 31. Rb1 Qb7 32. a5 a6 33. b6 h3 34. f3 Be5
35. Kf2 Bf6 36. Nd4 Bd8 37. Rbc1 Bxb6 38. axb6 Qxb6 39. Rc8+ Kg7 40. R8c6 Qb2+
41. R6c2 Qb4 42. Nc6 Qa3 43. Nd4 Qd3 44. Rc3 Qd2+ 45. Ne2 a5 46. R1c2 Qd1 47.
Rc1 Qd2 48. R1c2 Qd1 49. Rc1 Qd2 {Nulle par répétition} 1/2-1/2

[Event "Tournament 14471 - Europe Echecs"]
[Site "Europe Echecs"]
[Date "2020.07.09"]
[Round "2"]
[Time "14:34:42"]
[PlyCount "107"]
[White "GrimaultLeane"]
[Black "BelghoulMeyer"]
[WhiteElo "1622"]
[BlackElo "1371"]
[Mode "WEB"]
[Result "0-1"]

1. c4 c5 2. g3 Nc6 3. Bg2 g6 4. Nc3 Bg7 5. d3 Nf6 6. Nf3 O-O 7. O-O d5 8. cxd5
Nxd5 9. Nxd5 Qxd5 10. Qc2 b6 11. Ne5 Qxe5 12. Bxc6 Bh3 13. Bxa8 Bxf1 14. Kxf1
Rxa8 15. Rb1 g5 16. b3 Qd5 17. Kg1 Rd8 18. Qc4 Qxc4 19. bxc4 h6 20. Bb2 e5 21.
a4 e4 22. Bxg7 Kxg7 23. Rb3 exd3 24. exd3 Kf6 25. Kf1 Ke5 26. Ke2 Kd4 27. Ra3 a5
28. Rb3 Rd6 29. f4 gxf4 30. gxf4 Re6+ 31. Kf3 f5 32. Kg3 Re3+ 33. Kh4 Rxd3 34.
Rxb6 Kxc4 35. Rxh6 Kb4 36. Rc6 c4 37. Kg5 c3 38. h4 Rd5 39. h5 Rc5 40. Rxc5 Kxc5
41. h6 c2 42. h7 c1=Q 43. h8=Q Qg1+ 44. Kh6 Qh2+ 45. Kg7 Qxh8+ 46. Kxh8 Kd4 47.
Kg7 Ke4 48. Kf6 Kxf4 49. Ke6 Ke4 50. Kd6 Kd4 51. Kc6 Kc4 52. Kb6 Kb4 53. Kc6
Kxa4 {GrimaultLeane a abandonné} 0-1

[Event "Tournament 14471 - Europe Echecs"]
[Site "Europe Echecs"]
[Date "2020.07.09"]
[Round "2"]
[Time "14:34:42"]
[PlyCount "61"]
[White "GutcakiDaniil"]
[Black "SuspeneJacques"]
[WhiteElo "1373"]
[BlackElo "1610"]
[Mode "WEB"]
[Result "0-1"]

1. e4 d6 2. d4 g6 3. g3 Bg7 4. Bg2 Nd7 5. Nc3 c5 6. Nge2 cxd4 7. Nxd4 Ngf6 8.
Bg5 h6 9. Be3 O-O 10. Qd2 Ng4 11. f3 Nxe3 12. Qxe3 Ne5 13. O-O-O Nc6 14. Nde2
Bd7 15. Kb1 Rc8 16. a3 Qa5 17. Rd5 Qc7 18. Rhd1 a6 19. f4 Rfd8 20. Qd3 Be6 21.
Rd4 Nxd4 22. Nxd4 Bd7 23. Nd5 Qc5 24. Nb3 Qf2 25. Nxe7+ Kh7 26. Nxc8 Rxc8 27.
Bf1 Qxh2 28. Rd2 Qg1 29. Rd1 Qf2 30. c4 Qxb2# {GutcakiDaniil est échec et mat} 0-1

[Event "Tournament 14471 - Europe Echecs"]
[Site "Europe Echecs"]
[Date "2020.07.09"]
[Round "2"]
[Time "14:34:42"]
[PlyCount "30"]
[White "GignouxPezzett"]
[Black "CarrollAlden"]
[WhiteElo "1605"]
[BlackElo "1370"]
[Mode "WEB"]
[Result "1-0"]

1. e4 e5 2. Nf3 Nc6 3. Bc4 Bc5 4. c3 Nf6 5. d4 exd4 6. cxd4 Bb4+ 7. Nc3 Nxe4 8.
O-O Nxc3 9. bxc3 Bxc3 10. Qb3 Bxa1 11. Bxf7+ Kf8 12. Bg5 Nxd4 13. Qa3+ d6 14.
Bxd8 Nxf3+ 15. Qxf3 {CarrollAlden a abandonné} 1-0

[Event "Tournament 14471 - Europe Echecs"]
[Site "Europe Echecs"]
[Date "2020.07.09"]
[Round "2"]
[Time "14:34:42"]
[PlyCount "120"]
[White "MeyssirelTom"]
[Black "MaisonhauteLel"]
[WhiteElo "1333"]
[BlackElo "1603"]
[Mode "WEB"]
[Result "1/2-1/2"]

1. c4 e5 2. Nc3 Nc6 3. g3 Bc5 4. Bg2 d6 5. Nf3 Be6 6. b3 f5 7. e3 Nf6 8. d4 Bb4
9. Bb2 Ne4 10. Qc2 exd4 11. exd4 Qf6 12. O-O Nxc3 13. Bxc3 Bxc3 14. Qxc3 O-O 15.
Rac1 Bd7 16. Rfe1 Rae8 17. Qd2 f4 18. Rxe8 Bxe8 19. b4 fxg3 20. hxg3 Bh5 21. Ne1
Qxd4 22. Qxd4 Nxd4 23. Kf1 Be2+ 24. Kg1 Bf3 25. Bxf3 Nxf3+ 26. Nxf3 Rxf3 27. c5
dxc5 28. Rxc5 c6 29. b5 Rf6 30. a4 Kf7 31. Kf1 Re6 32. f4 Ke7 33. bxc6 Rxc6 34.
Ra5 a6 35. Re5+ Kf6 36. Rd5 Rc7 37. Ke2 Ke6 38. Re5+ Kf6 39. Kd3 b6 40. Rd5 Ke6
41. Re5+ Kd6 42. Rh5 g6 43. Re5 Rc5 44. Re8 Rc7 45. Rb8 Kc6 46. Kd4 Rb7 47. Rf8
b5 48. Rf6+ Kd7 49. Rf7+ Kc6 50. Rf6+ Kc7 51. axb5 axb5 52. Rf7+ Kc8 53. Rf8+
Kd7 54. Rf7+ Kc6 55. Rf6+ Kc7 56. Rf7+ Kc8 57. Rf8+ Kd7 58. Rf7+ Kc6 59. Rf6+
Kd7 60. Rf7+ {Nulle par répétition} 1/2-1/2

[Event "Tournament 14471 - Europe Echecs"]
[Site "Europe Echecs"]
[Date "2020.07.09"]
[Round "2"]
[Time "14:34:42"]
[PlyCount "78"]
[White "DeshaiesClemen"]
[Black "BrunEmilie"]
[WhiteElo "1600"]
[BlackElo "1320"]
[Mode "WEB"]
[Result "1-0"]

1. e4 e6 2. d4 d5 3. Nc3 Nf6 4. exd5 exd5 5. Bd3 Bd6 6. Nge2 O-O 7. O-O Be6 8.
Bg5 Be7 9. Re1 Re8 10. Nf4 Bd7 11. Bxf6 Bxf6 12. Rxe8+ Qxe8 13. Nfxd5 Bxd4 14.
Nxc7 Qc8 15. Nxa8 Bxc3 16. bxc3 Nc6 17. Rb1 Qxa8 18. Bxh7+ Kxh7 19. Qxd7 Na5 20.
Qf5+ g6 21. Qxa5 Qc8 22. Qe5 Qc6 23. Rb4 Kg8 24. Rh4 f6 25. Qb8+ Kg7 26. Qh8+
Kf7 27. Rh7+ Ke6 28. Qg8+ Kf5 29. g4+ Kxg4 30. Qxg6+ Kf3 31. Qg2+ Ke2 32. Qxc6
bxc6 33. Rxa7 Kd2 34. a4 Kxc3 35. a5 Kxc2 36. a6 Kb3 37. Rb7+ Ka4 38. a7 Ka5 39.
a8=Q# {BrunEmilie est échec et mat} 1-0

[Event "Tournament 14471 - Europe Echecs"]
[Site "Europe Echecs"]
[Date "2020.07.09"]
[Round "2"]
[Time "14:34:42"]
[PlyCount "45"]
[White "GalimovAskar"]
[Black "CiarlettaUlyss"]
[WhiteElo "1278"]
[BlackElo "1599"]
[Mode "WEB"]
[Result "0-1"]

1. d4 Nf6 2. Nc3 d5 3. Bg5 c6 4. Nf3 Bf5 5. e3 h6 6. Bh4 Nbd7 7. Bd3 Bxd3 8.
cxd3 e6 9. e4 Qb6 10. Qc2 dxe4 11. dxe4 c5 12. Rd1 cxd4 13. Rxd4 e5 14. Nd5 Qa5+
15. b4 Bxb4+ 16. Rxb4 Nxd5 17. exd5 Qxb4+ 18. Nd2 Qxh4 19. O-O O-O 20. Nf3 Qe7
21. Re1 Rfc8 22. Qd3 Qd6 {GalimovAskar a perdu au temps} 0-1

[Event "Tournament 14471 - Europe Echecs"]
[Site "Europe Echecs"]
[Date "2020.07.09"]
[Round "2"]
[Time "14:34:42"]
[PlyCount "109"]
[White "MateriaMatteo"]
[Black "GheorghinFelix"]
[WhiteElo "1595"]
[BlackElo "1310"]
[Mode "WEB"]
[Result "1/2-1/2"]

1. e4 c5 2. c3 Nf6 3. e5 Nd5 4. d4 cxd4 5. Nf3 e6 6. cxd4 Nc6 7. Bc4 Nb6 8. Bb3
d6 9. Qe2 dxe5 10. dxe5 Be7 11. O-O Qc7 12. Nc3 a6 13. Bf4 O-O 14. Rad1 Nd7 15.
Bc2 b5 16. Qe4 g6 17. Rfe1 Bb7 18. Qe2 Rfd8 19. Ne4 Bf8 20. Nd6 Bxd6 21. exd6
Qb6 22. Ng5 Nd4 23. Rxd4 Qxd4 24. Nxf7 Rf8 25. Nh6+ Kg7 26. Be3 Qxd6 27. Qg4 Nf6
28. Bd4 e5 29. Bxe5 Qxe5 30. Rxe5 Nxg4 31. Nxg4 Rac8 32. Ne3 Rfe8 33. Rg5 Rxe3
34. fxe3 Rxc2 35. Re5 Rxb2 36. Re7+ Kf8 37. Rxb7 Rxa2 38. Rxh7 Ra1+ 39. Kf2 a5
40. Rb7 b4 41. Rb5 Ra2+ 42. Kf3 Ke7 43. h4 Kd6 44. Rb6+ Kc5 45. Rxg6 b3 46. Rg5+
Kb4 47. Rg8 b2 48. Rb8+ Kc3 49. h5 Kc2 50. h6 Ra1 51. Rc8+ Kb3 52. Rb8+ Kc2 53.
Rc8+ Kb3 54. Rb8+ Kc2 {Nulle par répétition} 1/2-1/2

[Event "Tournament 14471 - Europe Echecs"]
[Site "Europe Echecs"]
[Date "2020.07.09"]
[Round "2"]
[Time "14:34:42"]
[PlyCount "108"]
[White "LalondeHugo"]
[Black "ChalonMaceo"]
[WhiteElo "1590"]
[BlackElo "1280"]
[Mode "WEB"]
[Result "1-0"]

1. d4 Nf6 2. Bg5 h6 3. Bxf6 exf6 4. e3 d5 5. g3 c6 6. Nd2 Bf5 7. Bg2 Bd6 8. Ne2
O-O 9. O-O Qd7 10. c4 dxc4 11. Nxc4 Bc7 12. Qb3 b5 13. Nd2 Ba5 14. Ne4 Bh3 15.
Nc5 Qc8 16. Nf4 Bxg2 17. Kxg2 Nd7 18. Rac1 Nxc5 19. Rxc5 Bb6 20. Rc2 Qf5 21. Qd3
Qd7 22. Rfc1 Rac8 23. Qe4 Rfe8 24. Qf3 g5 25. Nh5 Bd8 26. Nxf6+ Bxf6 27. Qxf6
Qd5+ 28. Qf3 Qxa2 29. Rxc6 Rxc6 30. Qxc6 Qe6 31. Qxb5 Qe4+ 32. Kg1 Re7 33. Qc6
Qxc6 34. Rxc6 Rb7 35. Rxh6 Rxb2 36. Ra6 Rb7 37. Kg2 Kf8 38. Kf3 Ke7 39. Kg4 f6
40. Kf5 Kf7 41. Rxf6+ Ke7 42. Rg6 Rb5+ 43. Ke4 Kf7 44. Ra6 Rb7 45. d5 Re7+ 46.
Kf5 Rd7 47. e4 Ke8 48. Kxg5 Rg7+ 49. Kf5 Rf7+ 50. Ke5 Rxf2 51. Rxa7 Re2 52. d6
Rd2 53. Ke6 Kf8 54. d7 {ChalonMaceo a perdu au temps} 1-0

[Event "Tournament 14471 - Europe Echecs"]
[Site "Europe Echecs"]
[Date "2020.07.09"]
[Round "2"]
[Time "14:34:42"]
[PlyCount "67"]
[White "DupuisEsteban"]
[Black "VasselinLouis"]
[WhiteElo "1234"]
[BlackElo "1590"]
[Mode "WEB"]
[Result "0-1"]

1. e4 e6 2. d4 d5 3. exd5 exd5 4. Bd3 c5 5. dxc5 Bxc5 6. Nf3 Nf6 7. O-O O-O 8.
h3 Nc6 9. Bg5 Be7 10. Nc3 h6 11. Bh4 d4 12. Ne2 Qd5 13. Nexd4 Nxd4 14. Nxd4 Rd8
15. Nb3 b6 16. Be2 Qe4 17. Qe1 Qxh4 18. Bf3 Rb8 19. Qxe7 Ba6 20. Rfd1 Re8 21.
Qxa7 Bc4 22. Qa4 b5 23. Qb4 Ne4 24. Bxe4 Rxe4 25. Qd2 Re2 26. Qd4 Re4 27. Qd6
Rbe8 28. Nd2 Re2 29. Qc5 R8e5 30. Qb6 Bd5 31. Nb3 Rf5 32. Rf1 Rg5 33. Kh2 Rxg2+ {DupuisEsteban a abandonné} 0-1

[Event "Tournament 14471 - Europe Echecs"]
[Site "Europe Echecs"]
[Date "2020.07.09"]
[Round "2"]
[Time "14:34:42"]
[PlyCount "160"]
[White "MarcheNael"]
[Black "FraileLucas"]
[WhiteElo "1566"]
[BlackElo "1276"]
[Mode "WEB"]
[Result "1-0"]

1. d4 Nf6 2. c4 e5 3. dxe5 Ng4 4. Nf3 Bc5 5. e3 Nc6 6. a3 a5 7. Qd5 Qe7 8. h3
Ngxe5 9. Nxe5 Qxe5 10. Nc3 Qxd5 11. cxd5 Ne7 12. Bc4 O-O 13. Bd2 d6 14. O-O-O
Bd7 15. f4 Rae8 16. e4 f5 17. e5 dxe5 18. d6+ Kh8 19. dxe7 Rxe7 20. fxe5 Rxe5
21. Bf4 Re7 22. Rd5 Bb6 23. Rhd1 Bc6 24. Rd8 Rfe8 25. Rxe8+ Rxe8 26. Bd5 Bxd5
27. Rxd5 h6 28. Kd2 g5 29. Be5+ Kh7 30. Bxc7 Bxc7 31. Rd7+ Kg6 32. Rxc7 Rd8+ 33.
Kc2 Rb8 34. Rd7 b5 35. Rd6+ Kg7 36. Rd5 b4 37. axb4 axb4 38. Ne2 f4 39. Nd4 Kf6
40. Kb3 h5 41. Ne2 Re8 42. Rd6+ Ke5 43. Rh6 Kd5 44. Nc1 Re3+ 45. Kxb4 Re1 46.
Nd3 Re4+ 47. Kc3 Rc4+ 48. Kd2 Ke4 49. Rxh5 Rd4 50. Rxg5 Rxd3+ 51. Kc2 Re3 52. h4
Re2+ 53. Kc3 Re3+ 54. Kc4 Re2 55. b4 Rc2+ 56. Kb3 Rc8 57. h5 Kd4 58. Rg4 Ke5 59.
h6 Kf5 60. Rh4 Kg5 61. Rh3 Rh8 62. h7 Kg4 63. b5 f3 64. Rxf3 Rxh7 65. Kb4 Rh2
66. Rf2 Kg3 67. Rc2 Kf4 68. b6 Rh8 69. Kb5 Ke5 70. b7 Rb8 71. Kb6 Rg8 72. Ka7
Rg7 73. Ka8 Rg8+ 74. b8=Q+ Rxb8+ 75. Kxb8 Kf4 76. Kc7 Ke4 77. Rf2 Ke3 78. Rf8
Ke4 79. g4 Ke5 80. g5 {FraileLucas a abandonné} 1-0

[Event "Tournament 14471 - Europe Echecs"]
[Site "Europe Echecs"]
[Date "2020.07.09"]
[Round "2"]
[Time "14:34:42"]
[PlyCount "76"]
[White "BassingCassand"]
[Black "PaiLiuPaul"]
[WhiteElo "1191"]
[BlackElo "1560"]
[Mode "WEB"]
[Result "1-0"]

1. e4 e5 2. Nf3 Nc6 3. Bc4 Nf6 4. d4 exd4 5. e5 Ne4 6. Nxd4 Nxe5 7. Bb3 Nc6 8.
O-O Be7 9. Qf3 Nf6 10. Nf5 O-O 11. Nc3 d6 12. Re1 Bxf5 13. Qxf5 Nd4 14. Qd3 Nxb3
15. cxb3 Re8 16. Be3 Qd7 17. Rac1 Bf8 18. Nb5 c6 19. Nxa7 Ng4 20. Bb6 Ne5 21.
Qc3 g6 22. h3 Bg7 23. Qc2 c5 24. b4 cxb4 25. Red1 Qe6 26. Nb5 Rxa2 27. Nc7 Qd7
28. Nxe8 Rxb2 29. Qc7 Qxe8 30. Rxd6 Qb5 31. Rd8+ Bf8 32. Bc5 Qe2 33. Rxf8+ Kg7
34. Qd8 Nd3 35. Rg8+ Kh6 36. Qh4+ Qh5 37. Be3+ g5 38. Bxg5# {PaiLiuPaul est échec et mat} 1-0

[Event "Tournament 14471 - Europe Echecs"]
[Site "Europe Echecs"]
[Date "2020.07.09"]
[Round "2"]
[Time "14:34:42"]
[PlyCount "100"]
[White "MichelDeletieO"]
[Black "BuetClovis"]
[WhiteElo "1558"]
[BlackElo "1251"]
[Mode "WEB"]
[Result "1-0"]

1. e4 e5 2. Nf3 Nc6 3. Nc3 Nf6 4. Nxe5 Nxe5 5. d4 Nc6 6. d5 Ne5 7. f4 Neg4 8. e5
Nxe5 9. fxe5 Ng8 10. d6 cxd6 11. exd6 Qf6 12. Nb5 Kd8 13. Be3 b6 14. Qd2 Bb7 15.
Bg5 Bc6 16. Bxf6+ Nxf6 17. Nc7 Rb8 18. O-O-O g6 19. Qg5 Bg7 20. Bc4 h5 21. Rhf1
Bh6 22. Qxh6 Rxh6 23. Rxf6 Rh8 24. Rxf7 g5 25. Re1 Kc8 26. Ba6+ Bb7 27. Bxb7+
Kxb7 28. Rxd7 Kc6 29. Ree7 Rbd8 30. Rxd8 Rxd8 31. Re6 g4 32. Kd2 a5 33. Ne8 Kd5
34. Re3 Kc5 35. Rc3+ Kd5 36. Rd3+ Kc5 37. Ng7 Kc6 38. d7 h4 39. Ne6 Rxd7 40.
Rxd7 Kxd7 41. Nf4 g3 42. hxg3 hxg3 43. Nh5 Ke6 44. Nxg3 Ke5 45. Ke3 b5 46. Ne4
Kf5 47. Nd6+ Kg4 48. Nxb5 Kg3 49. c4 Kxg2 50. c5 {BuetClovis a abandonné} 1-0

[Event "Tournament 14471 - Europe Echecs"]
[Site "Europe Echecs"]
[Date "2020.07.09"]
[Round "2"]
[Time "14:34:42"]
[PlyCount "36"]
[White "VivesClement"]
[Black "PousAntoine"]
[WhiteElo "1101"]
[BlackElo "1554"]
[Mode "WEB"]
[Result "0-1"]

1. e4 e5 2. Nf3 Nc6 3. d4 exd4 4. Nxd4 Nf6 5. Nxc6 bxc6 6. Nc3 Bb4 7. Bg5 h6 8.
a3 Bxc3+ 9. bxc3 hxg5 10. e5 Qe7 11. Qe2 Nd5 12. c4 Nf4 13. Qe3 O-O 14. g3 Ng6
15. Bd3 Nxe5 16. Be4 Re8 17. h4 Nxc4 18. Bh7+ {VivesClement a abandonné} 0-1

[Event "Tournament 14471 - Europe Echecs"]
[Site "Europe Echecs"]
[Date "2020.07.09"]
[Round "2"]
[Time "14:34:42"]
[PlyCount "44"]
[White "DincovIoan"]
[Black "NegreMaxime"]
[WhiteElo "1549"]
[BlackElo "1105"]
[Mode "WEB"]
[Result "1-0"]

1. e4 e5 2. Nf3 Nc6 3. d4 exd4 4. Nxd4 Bc5 5. Be3 Nxd4 6. Bxd4 Bxd4 7. Qxd4 Qg5
8. Nc3 d6 9. Nd5 Kd8 10. Bc4 Be6 11. g3 Ne7 12. f4 Qh6 13. Nxe7 Kxe7 14. O-O-O
Rad8 15. Rhe1 Kd7 16. e5 Kc8 17. Bxe6+ fxe6 18. Qxa7 Kd7 19. Qxb7 Ke8 20. Qxc7
Qxh2 21. exd6 Qxg3 22. Qe7# {NegreMaxime est échec et mat} 1-0

[Event "Tournament 14471 - Europe Echecs"]
[Site "Europe Echecs"]
[Date "2020.07.09"]
[Round "2"]
[Time "14:34:42"]
[PlyCount "65"]
[White "Cadilhacseffin"]
[Black "TaharountIlyan"]
[WhiteElo "1045"]
[BlackElo "1547"]
[Mode "WEB"]
[Result "0-1"]

1. e4 e5 2. Nf3 Nc6 3. Bc4 Bc5 4. O-O d6 5. h3 Nf6 6. Re1 Be6 7. Bxe6 fxe6 8. c3
O-O 9. d4 exd4 10. cxd4 Bb4 11. Nc3 e5 12. d5 Ne7 13. a3 Bc5 14. Be3 Bb6 15. Ng5
Qd7 16. Ne6 Rf7 17. Qd3 h6 18. Rac1 c6 19. Na4 Bxe3 20. Rxe3 cxd5 21. exd5 Nexd5
22. Qxd5 Nxd5 23. Re4 Qxe6 24. b4 Raf8 25. Nb2 Rxf2 26. Nd1 Rf1+ 27. Kh2 Qf5 28.
Rg4 h5 29. Rg3 Qf4 30. h4 Qxh4+ 31. Rh3 Qf4+ 32. g3 Qxc1 {Cadilhacseffin a abandonné} 0-1